فهرس مخطوطات مكتبة آل القمحاوي بنابلس / (رقم التسجيلة. 64004)

تفاصيل مارك
000 -LEADER
fixed length control field 00603nam a22001697a 4500
005 - DATE AND TIME OF LATEST TRANSACTION
control field 20251108171835.0
008 - FIXED-LENGTH DATA ELEMENTS--GENERAL INFORMATION
fixed length control field 250721s1992 xx 000 0 ara d
082 14 - DEWEY DECIMAL CLASSIFICATION NUMBER
Classification number م/016.091/محم
100 1# - MAIN ENTRY--PERSONAL NAME
Personal name عطا الله، محمود علي
245 10 - TITLE STATEMENT
Title فهرس مخطوطات مكتبة آل القمحاوي بنابلس /
264 1# - PRODUCTION, PUBLICATION, DISTRIBUTION, MANUFACTURE, AND COPYRIGHT NOTICE
Place of production, publication, distribution, manufacture نابلس :
Name of producer, publisher, distributor, manufacturer جامعة النجاح الوطنية - مركز التوثيق و المخطوطات و النشر،
Date of production, publication, distribution, manufacture, or copyright notice 1992.
300 ## - PHYSICAL DESCRIPTION
Extent 161ص
650 17 - SUBJECT ADDED ENTRY--TOPICAL TERM
Topical term or geographic name as entry element المخطوطات العربية
650 17 - SUBJECT ADDED ENTRY--TOPICAL TERM
Topical term or geographic name as entry element الفهارس
942 ## - ADDED ENTRY ELEMENTS (KOHA)
Source of classification or shelving scheme Dewey Decimal Classification
Koha item type مراجع
المقتنيات
حالة السحب حالة الفقدان مصدر التصنيف حالة التلف غير قابل للإعارة المكتبة الرئيسية المكتبة الحالية موقع الرف تاريخ التزويد الرقم المتسلسل Total Checkouts رقم الإستدعاء الباركود تاريخ آخر ظهور تاريخ الفاتورة نوع المادة (كوها)
    Dewey Decimal Classification   Not For Loan مكتبة صويلح العامة مكتبة صويلح العامة مراجع 03/09/2019 009215   م/016.091/محم PLD00466118 28/07/2025 03/09/2019 مراجع
Implemented & Customized by: BBB with SCIT (Smart Chains for Information Technology)

Powered by Koha